Top Indo-Iranian Languages - Statistics

General Stats
  • This quiz has been taken 137 times
  • The average score is 9 of 12
Answer Stats
# Speakers Language % Correct
379 mil Hindi
97%
52 mil Persian
97%
228 mil Bengali
89%
68 mil Urdu
89%
125 mil Punjabi
86%
31 mil Pashto
81%
56 mil Gujarati
75%
83 mil Marathi
74%
24 mil Sindhi
57%
34 mil Odia
48%
33 mil Maithili
43%
52 mil Bhojpuri
42%
No matching quizzes found
Score Distribution
Percent of People with Each Score
Percentile by Number Answered
Your Score History
You have not taken this quiz